Text book of botany / (Record no. 9077)
[ view plain ]
| 000 -LEADER | |
|---|---|
| fixed length control field | 00482cam a2200205ua 4500 |
| 041 ## - LANGUAGE CODE | |
| Language code of text/sound track or separate title | eng |
| 082 ## - DEWEY DECIMAL CLASSIFICATION NUMBER | |
| Classification number | 581 |
| Item number | KES/TE |
| 100 ## - MAIN ENTRY--AUTHOR NAME | |
| Personal name | Kesavan Nair, K . |
| 245 ## - TITLE STATEMENT | |
| Title | Text book of botany / |
| 250 ## - EDITION STATEMENT | |
| Edition statement | 1 / |
| 260 ## - PUBLICATION, DISTRIBUTION, ETC. (IMPRINT) | |
| Place of publication | Chennai : |
| Name of publisher | S.Viswanathan , |
| Year of publication | 1964. |
| 300 ## - PHYSICAL DESCRIPTION | |
| Number of Pages | 279 ; . |
| 700 1# - ADDED ENTRY--PERSONAL NAME | |
| Personal name | Scaria, I M . |
| 942 ## - ADDED ENTRY ELEMENTS (KOHA) | |
| Koha item type | Books |
| Withdrawn status | Lost status | Damaged status | Home library | Current library | Date acquired | Cost, normal purchase price | Full call number | Accession Number | Koha item type |
|---|---|---|---|---|---|---|---|---|---|
| Withdrawn | KAUAET | KAUAET | 07/04/2012 | 5.00 | 581 KES/TE | 7207 | Books | ||
| Withdrawn | KAUAET | KAUAET | 07/04/2012 | 581 KES/TE | 8062 | Books |
